A Modern Approach to Non Verbal Reasoning (Record no. 57870)

MARC details
000 -LEADER
fixed length control field 00332nam a22001337a 4500
022 ## - INTERNATIONAL STANDARD SERIAL NUMBER
ISSN 978-8121905534
082 ## - DEWEY DECIMAL CLASSIFICATION NUMBER
Classification number 153.93AGG
100 ## - MAIN ENTRY--AUTHOR NAME
Personal name Aggarwal
245 ## - TITLE STATEMENT
Title A Modern Approach to Non Verbal Reasoning
260 ## - PUBLICATION, DISTRIBUTION, ETC. (IMPRINT)
Place of publication New Delhi
Name of publisher S.Chand and company
Year of publication 2016
300 ## - PHYSICAL DESCRIPTION
Number of Pages 592
650 ## - SUBJECT ADDED ENTRY--TOPICAL TERM
Topical Term Question-answering systems
942 ## - ADDED ENTRY ELEMENTS (KOHA)
Koha item type Books
Holdings
Withdrawn status Lost status Home library Current library Date acquired Cost, normal purchase price Full call number Accession Number Koha item type
    Central Library, QUEST, Nawabshah Central Library, QUEST, Nawabshah 14/09/2017 868.00 153.93AGG 56228 Books
    Central Library, QUEST, Nawabshah Central Library, QUEST, Nawabshah 14/09/2017 868.00 153.93AGG 56229 Books